The ideology of classicism (Record no. 124369)
[ view plain ]
| 000 -LEADER | |
|---|---|
| fixed length control field | 01543nam a2200361 a 4500 |
| 082 04 - DEWEY DECIMAL CLASSIFICATION NUMBER | |
| Classification number | 880.9/001 |
| 100 1# - MAIN ENTRY--AUTHOR NAME | |
| Personal name | Wiater, Nicolas. |
| 245 14 - TITLE STATEMENT | |
| Title | The ideology of classicism |
| 260 ## - PUBLICATION, DISTRIBUTION, ETC. (IMPRINT) | |
| Place of publication | New York : |
| Name of publisher | De Gruyter, |
| Year of publication | 2011. |
| 300 ## - PHYSICAL DESCRIPTION | |
| Number of Pages | xi, 395 p. |
| 490 1# - SERIES STATEMENT | |
| Series statement | Untersuchungen zur antiken Literatur und Geschichte, |
| 500 ## - GENERAL NOTE | |
| General note | "Ph.D. dissertation, Bonn University, 2008." |
| 650 #0 - SUBJECT ADDED ENTRY--TOPICAL TERM | |
| Topical Term | Classicism |
| 856 40 - ELECTRONIC LOCATION AND ACCESS | |
| Uniform Resource Identifier | http://site.ebrary.com/lib/rucke/Doc?id=10486475 |
No items available.
